| 000 | 00696nam a2200217Ia 4500 | ||
|---|---|---|---|
| 003 | GCL | ||
| 008 | 140319s9999 xx 000 0 ara d | ||
| 040 |
_aGCL / _cGCL |
||
| 082 | 0 | 4 |
_a109 _bم م |
| 100 | 1 | _aمانتوى, جاك | |
| 245 | 1 | 0 |
_aمختصر تاريخ الفلسفة / _cمانتوى, جاك |
| 700 | 1 | _aالمختار بنعبدلاوى | |
| 250 | _aالاولى | ||
| 260 |
_aسوريا : _bدار معد للنشر والتوزيع ، _c1994 |
||
| 300 |
_a191 ص ؛ _c23 سم |
||
| 650 | 0 | 4 | _aالفلسفة |
| 650 | 0 | 4 | _aالفلسفة الحديثة |
| 650 | 0 | 4 | _aالفلسفة - تاريخ |
| 650 | 0 | 4 | _aالفلسفة - العصور الوسطى |
| 942 |
_2ddc _cBK |
||
| 999 |
_c47837 _d47837 |
||